| 000 | 00463nam a22001697a 4500 | ||
|---|---|---|---|
| 003 | NUST - PNEC | ||
| 005 | 20170116181134.0 | ||
| 008 | 151007b xxu||||| |||| 00| 0 eng d | ||
| 020 | _a9814126918 | ||
| 040 | _cLIBRARY | ||
| 082 | _a658.05 TUR | ||
| 100 |
_914179 _aTurban, Efraim |
||
| 245 |
_aIntroduction to information technology _cEfraim,Turban |
||
| 250 | _a2nd ed | ||
| 650 |
_914180 _aInformation technology _xMIS..Computer Science |
||
| 942 |
_2ddc _cBK |
||
| 999 |
_c70151 _d70151 |
||